Disney Movies By Quotes #1 - Statistics

General Stats
  • This quiz has been taken 197 times
  • The average score is 7 of 15
Answer Stats
Hint Answer % Correct
Did you ever see an elephant fly? Dumbo
95%
Just Keep Swimming Finding Nemo/Finding Dory
95%
Hakuna Matata The Lion King
90%
To infinity and beyond! Toy Story
89%
Ohana means family. Family means nobody gets left behind or forgotten Lilo and Stitch
79%
Some people are worth melting for Frozen
77%
Ten Thousand Years Will Give You Such A Crick In The Neck! Aladdin
66%
If you're going hard enough left, you'll find yourself turning right Cars
47%
Adventure is out there! Up
35%
Sometimes the right path is not the easiest one Pocahontas
15%
Giving up is for rookies Hercules
14%
I don't want to survive, I want to live Wall-E
13%
You control your destiny - you don't need magic to do it Brave
9%
If you ain't scared, you ain't alive The Good Dinosaur
7%
Today is a good day to try The Hunchback of Notre Dame
6%
No matching quizzes found
Score Distribution
Percent of People with Each Score
Percentile by Number Answered
Your Score History
You have not taken this quiz